Aplikácia na efektívne zapamätanie učebného materiálu

Saved in:
Bibliographic Details
Main Author: Rohatiuk, Ihor (Author)
Other Authors: Vargic, Radoslav (Thesis advisor)
Format: Manuscript Book
Language:Slovak
Published: Bratislava : STU v Bratislave FEI, 2025
Subjects:
Online Access:https://opac.crzp.sk/?fn=detailBiblioFormChildM5OHV&sid=8D80AD18777FCC7F65B3B74DC29E&seo=CRZP-detail-kniha
Tags: Add Tag
No Tags, Be the first to tag this record!

MARC

LEADER 00000ntm a22000003a 4500
001 stuzp102072
003 SK-STU
005 20260206103430.5
007 ta
008 150427s2015----xo-----f-mn---000-0-slo-d
040 |a STU  |b slo 
041 0 |a slo 
044 |a xo 
100 1 |a Rohatiuk, Ihor  |u 037000  |4 aut  |U FEI Fakulta elektrotechniky a informatiky  |T FEI Ústav multimediálnych informačných a komunikačných technológií  |X 123294  |U E070  |Y 818  |7 123294 
242 0 1 |a Application for Effective Memorization of Learning Material  |y eng 
245 1 0 |a Aplikácia na efektívne zapamätanie učebného materiálu 
260 |a Bratislava :  |b STU v Bratislave FEI,  |c 2025 
300 |a 52 s. 
650 4 |a webová aplikácia  |2 slo 
650 4 |a flash-karty  |2 slo 
650 4 |a intervalové opakovanie  |2 slo 
650 4 |a umelá inteligencia  |2 slo 
650 4 |a web application  |2 eng 
650 4 |a spaced repetition  |2 eng 
650 4 |a artificial intelligence  |2 eng 
650 4 |a flashcards  |2 eng 
700 1 |a Vargic, Radoslav  |u 037000  |k Z1  |4 ths  |U FEI Fakulta elektrotechniky a informatiky  |T FEI Ústav multimediálnych informačných a komunikačných technológií  |X 1918  |U E070  |Y 818  |7 A000001918 
856 4 |u https://opac.crzp.sk/?fn=detailBiblioFormChildM5OHV&sid=8D80AD18777FCC7F65B3B74DC29E&seo=CRZP-detail-kniha